U.S. General Knowledge #45 - Statistics

General Stats
  • This quiz has been taken 10,845 times
  • The average score is 12 of 20
Answer Stats
Question Answer % Correct
Who wrote "The Cat in the Hat"? Dr. Seuss
93%
On what river is Washington D.C. located? Potomac
77%
What hairstyle has been described as "business in front, party in back"? Mullet
76%
What comic strip character says "Good Grief"? Charlie Brown
67%
What historical figure had siblings named Joseph, Rose, Kathleen, Eunice, Patricia, Robert, Jean, and Edward? John F. Kennedy
67%
Name one of the two best-selling rock bands of all-time that is named for a U.S. city. Chicago / Boston
66%
What is the best-selling soda in the U.S. that is not made by Pepsi or Coke? Dr Pepper
63%
What, according to Vince Lombardi, "isn't everything, it's the only thing"? Winning
62%
What company is synonymous with ice resurfacing machines? Zamboni
62%
What sitcom starred Ted Danson, Woody Harrelson, and Shelley Long? Cheers
61%
What "pack" of young actors starred in movies such as "The Breakfast Club"? The {Brat} Pack
59%
Which U.S. state capital has three sets of double letters in its name? Tallahassee
56%
What did Hester Prynne's scarlet A stand for? Adultery
55%
What elected office did John Adams call "the most insignificant office that ever the invention of man contrived"? Vice President
55%
What drink, similar to Kool-Aid, was consumed by NASA astronauts? Tang
48%
Where can you go in the board game Monopoly that was also visited by the movie characters Ernest and Madea? Jail
47%
What fellow American competed against Pete Sampras in five Grand Slam tennis finals? Andre Agassi
46%
What Washington D.C. landmark was designed in 1981 by 21 year old architect Maya Lin? Vietnam Veterans Memorial
46%
What was the profession of Chester Nimitz and William F. Halsey? Admiral
41%
What musical instrument did Lawrence Welk play? Accordion
23%
No matching quizzes found
Score Distribution
Percent of People with Each Score
Percentile by Number Answered
Your Score History
You have not taken this quiz